000 00364nam a2200145Ia 4500
008 191201s2005 xx 000 0 und d
082 _a658.5
_bBAI
100 _aBANGA, T R
245 0 _aIndustrial Engineering and Managements Science
250 _a10th
260 _aN.Delhi
_bKhanna Publisher
_c2005
300 _a1085
650 _aB.Tech(ME)
942 _2ddc
_cBK
999 _c1957
_d1957